Sports Quiz

Random Sports or WWE Quiz

Judgment Day 2006 Quiz Stats

 Plays Quiz not verified by Sporcle

Score 0/20 Timer 04:00
0 Plays Today
Hint Answer % Correct
Match 6 - 2006 King of the Ring Final Booker T
84.6%
Match 8 - Singles Match for the World Heavyweight ChampionshipRey Mysterio
84.6%
Match 8 - Singles Match for the World Heavyweight ChampionshipJohn “Bradshaw” Layfield
84.6%
Match 6 - 2006 King of the Ring Final Bobby Lashley
80.8%
Match 1 - Tag Team Match for the WWE Tag Team ChampionshipJoey Mercury
73.1%
Match 1 - Tag Team Match for the WWE Tag Team ChampionshipJohnny Nitro
73.1%
Match 5 - Singles MatchMark Henry
73.1%
Match 5 - Singles MatchKurt Angle
73.1%
Dark Match: Singles MatchMatt Hardy
69.2%
Match 1 - Tag Team Match for the WWE Tag Team ChampionshipBrian Kendrick
69.2%
Hint Answer % Correct
Match 1 - Tag Team Match for the WWE Tag Team ChampionshipPaul London
69.2%
Match 2 - Singles MatchFinlay
69.2%
Match 4 - Singles Match for the WWE Cruiserweight ChampionshipGregory Helms
65.4%
Match 7 - Singles MatchThe Undertaker
65.4%
Match 3 - Singles MatchMelina
61.5%
Match 7 - Singles MatchThe Great Khali
61.5%
Match 2 - Singles MatchChris Benoit
57.7%
Match 3 - Singles MatchJillian Hall
46.2%
Match 4 - Singles Match for the WWE Cruiserweight ChampionshipSuper Crazy
38.5%
Dark Match: Singles MatchSimon Dean
30.8%

You're not logged in!

Compare scores with friends on all Sporcle quizzes.
OR
Log In

Sporcle TV

Today on Sporcle TV


Watch our educational content, quiz creation guides, and fun videos on Sporcle TV.

Show Comments

Extras

Created Sep 1, 2019SourceReportNominate
Tags:WWE Quiz

Top Quizzes Today


Score Distribution

Your Account Isn't Verified!

In order to create a playlist on Sporcle, you need to verify the email address you used during registration. Go to your Sporcle Settings to finish the process.

Report this User

Report this user for behavior that violates our Community Guidelines.

Details: